000 01887 a2200205 4500
001 54330
005 20260407155815.0
008 260407a1972 arg spa d
003 AR-UNSa-BCEJYS
040 _aAR-UNSa-BCEJYS
_bspa
_cAR-UNSa-BCEJYS
080 _a330
_xEconomía en general
245 1 0 _aIntroducción a la economía
264 1 _aMadrid :
_bTecnos
_c1972
300 _a829 p.
_c23 cm.
505 _a1. Lo que estudian las ciencias económicas - 2. Dimensiones de la economía americana - 3. La economía de subsistencia.La economía dirigida - 4. La economía de mercado - 5. El precio de los mercados de productos - 6. El costo y el precio en la libre competencia - 7. El poder del monopolio en los mercados de productos - 8. Mercados de trabajo y determinnación de salarios- 9. Mercados de moneda, interés y beneficio - 10. Competencia, planificación y eficacia económica - 11. La promoción de la competencia - 12. La restricción de la competencia - 13. Los sindicatos y los convenios colectivos - 14. La desigualdad de la renta y la política económica oficial - 15. La economía oficial - 16. La economía internacional - 17. La renta nacional - 18. El nivel de la renta nacional - 19. El análisis de la renta:Derivaciones y aplicaciones - 20. Impuestos, gastos públicos y política fiscal - 21. La oferta de dinero - 22. La influencia de la política monetaria 23. Las fluctuaciones de la renta nacioanal - 24. La política de la estabilidad económica - 25. La naturaleza del desarrollo económico - 26. El desarrollo de la economía norteamericana - 27. La experiencia sovética:¿Una carrera de desarrollo? - 28. Los países pobres - 29. La estrategia del desarrollo económico - 30. El desarrollo económico y el interés norteamericano
041 _aspa
942 _cBK
590 _aniveau_biblio:m niveau_hierar:0
100 1 _aReynolds, Lloyd G.
999 _c5494
_d5494